<?xml version="1.0" encoding="UTF-8"?>
<marc:record xmlns:marc="http://www.loc.gov/MARC21/slim">
   <marc:leader>00000nam a2200000 a 4500</marc:leader>
   <marc:datafield ind1="1" ind2=" " tag="100">
      <marc:subfield code="a">Abedi, Isabel</marc:subfield>
      <marc:subfield code="4">aut</marc:subfield>
      <marc:subfield code="e">Verfasser/-in</marc:subfield>
   </marc:datafield>
   <marc:datafield ind1=" " ind2=" " tag="653">
      <marc:subfield code="a">Geheimnis</marc:subfield>
   </marc:datafield>
   <marc:datafield ind1=" " ind2=" " tag="653">
      <marc:subfield code="a">Jugendliteratur</marc:subfield>
   </marc:datafield>
   <marc:datafield ind1=" " ind2=" " tag="653">
      <marc:subfield code="a">Jugendthriller</marc:subfield>
   </marc:datafield>
   <marc:datafield ind1="0" ind2="0" tag="245">
      <marc:subfield code="a">Whisper</marc:subfield>
   </marc:datafield>
   <marc:datafield ind1="0" ind2="0" tag="245">
      <marc:subfield code="b">gekürzte Lesung</marc:subfield>
   </marc:datafield>
   <marc:datafield ind1=" " ind2="1" tag="264">
      <marc:subfield code="b">Hörbuch Hamburg HVV GmbH</marc:subfield>
      <marc:subfield code="c">2007</marc:subfield>
   </marc:datafield>
   <marc:datafield ind1="1" ind2=" " tag="520">
      <marc:subfield code="a">Eine unwirkliche Stille liegt über Whisper, dem alten Haus, drückend und gefährlich. Als Noa es das erste Mal betritt, ist sie gleichermaßen ergriffen von Furcht und neugieriger Erwartung. Doch niemand außer ihr scheint zu spüren, dass das alte Gebäude ein lang gehütetes Geheimnis birgt ...Nicht nur von einem geheimnisvollen Haus, auch von einem nie geklärten Mord, von menschlichen Leidenschaften und einer großen Liebe erzählt Isabel Abedi in "Whisper".Meisterhaft versteht es die Erfolgsautorin ihre Leser in eine mysteriöse, kaum auszuhaltende Spannung zu versetzen. Nicht ohne Grund ist "Whisper" für den Deutschen Jugendliteraturpreis nominiert und von der Presse hoch gelobt worden. Ein ungewöhnliches und großartiges Buch.</marc:subfield>
   </marc:datafield>
   <marc:datafield ind1="3" ind2=" " tag="024">
      <marc:subfield code="a">9783867426008</marc:subfield>
   </marc:datafield>
</marc:record>
